[Event "Rostock SSC op 14th"]
[Site "Rostock"]
[Date "2015.07.31"]
[Round "5.34"]
[White "Barth, Richard"]
[Black "Roehr, Oliver"]
[Result "0-1"]
[WhiteElo "1642"]
[BlackElo "1425"]
[PlyCount "118"]
[EventDate "2015.07.29"]
[EventType "swiss"]
[EventRounds "7"]
[EventCountry "GER"]
[SourceTitle "EXT 2019"]
[Source "ChessBase"]
[SourceDate "2018.10.10"]
[SourceVersion "1"]
[SourceVersionDate "2018.10.10"]
[SourceQuality "1"]

1. Nf3 Nc6 2. d4 d5 3. Nc3 Nf6 4. Bf4 e6 5. a3 Bd6 6. Ne5 Bxe5 7. dxe5 Nh5 8. Qd2 Nxf4 9. Qxf4 Bd7 10. e3 0-0 11. Bd3 a6 12. Rd1 f6 13. Qh4 f5 14. Qg3 b5 15. f4 b4 16. Na4 bxa3 17. bxa3 Nxe5 18. Nc5 Qe7 19. Nxd7 Nxd3+ 20. Rxd3 Qxd7 21. h4 Rab8 22. Kd2 Rf6 23. Qf3 h6 24. g4 fxg4 25. Qxg4 Qf7 26. Qg2 Rg6 27. Qf3 Qf5 28. Qh3 Qxh3 29. Rxh3 Rg2+ 30. Kc3 Rb1 31. Kd4 Rxc2 32. Ke5 Rb6 33. f5 Rc4 34. fxe6 Re4+ 35. Kxd5 Rbxe6 36. Rc3 Re7 37. Kc6 Kf8 38. Rb3 Kg8 39. h5 Ra4 40. Rd3 Ra5 41. Rd8+ Kh7 42. Rd3 Ree5 43. Kxc7 Rxh5 44. Rxh5 Rxh5 45. Kb6 a5 46. Rd7 Re5 47. Rd3 h5 48. Kc6 Kh6 49. Kd6 Re8 50. Kd7 Re4 51. Kd6 h4 52. Kd5 Re8 53. Rc3 g5 54. e4 g4 55. e5 g3 56. Ke4 Kg5 57. Rf3 g2 58. Rf5+ Kg6 59. Rf4 g1Q 0-1